| 000 | 00558nam a2200157 i 4500 | ||
|---|---|---|---|
| 001 | 163924 | ||
| 003 | ES-MaACL | ||
| 005 | 20230906212834.0 | ||
| 008 | 990413s1885 sp |||| | spa d | ||
| 040 |
_aCCPB | B _bspa _cCCPB | B |
||
| 100 | 1 |
_aRomeo y Belloc, Bernabé. _9132027 |
|
| 245 | 1 | 4 |
_aLas fuentes de la poesía _b: [poesías] / _cobrita original de Bernabé Francisco Romeo y Belloc. |
| 260 |
_aZaragoza : _b[s.n.], _c1885 ( _fEst. Tip. de C. Ariño) |
||
| 300 |
_a281 p. ; _c23 cm. |
||
| 852 |
_aES-MaACL _jG-7970 _z- Enc. tela con hierros dorados |
||
| 999 |
_c163924 _d163924 |
||